Statistics for Indigenous people's history

Click here to take the quiz!

General Stats

  • This quiz has been taken 71 times
    (20 since last reset)
  • The average score is 18 of 30

Answer Stats

HintAnswer% Correct
Italian who "discovered" AmericaColumbus
94%
Civilization in MexicoAztec
88%
Year he came to America1492
81%
The indigenous people of AustraliaAboriginal Australians
81%
The indigenous people of CanadaInuits and First Nations
81%
The indigenous people of New ZealandMaori
81%
What killed up to 90 % of the native population?Old World diseases
81%
Country he was working forSpain
81%
America was the New ...World
81%
Area that is also known as the "West Indies"Caribbean
75%
Civilization in PeruInca
75%
Country today where Columbus first landedBahamas
69%
Animal that actually did not exist in America beforeHorse
69%
First permanent English colony (town or state)Jamestown, Virginia
69%
Most important animal for meat and hide in North AmericaBuffalo
63%
Resources that the Spanish wanted from AmericaGold and silver
63%
Century or year this colony was founded1607
56%
Famous war dance of the aboveHaka
56%
Native American tribe (actually a group of tribes) in South DakotaSioux
56%
Famous instrument of the aboveDidgeridoo
50%
Famous battle in 1876 that the Native Americans wonLittle Bighorn
44%
Territory where Native Americans were movedReservations
44%
Most famous spiritual leader from this tribe (specifically Lakota)Sitting Bull
44%
Place of famous massacre of Native Americans in 1890Wounded Knee
44%
Lifestyle of many indigenous peoplesNomadic
38%
The leading Native American warrior in that battleCrazy Horse
31%
The US colonel who died in that battleCuster
31%
Rebel leader from the Apache tribe in ArizonaGeronimo
31%
Sacred area to this tribe where gold was discoveredBlack Hills
25%
Native American ritual and movement against the whitesGhost Dance
25%

Score Distribution

Percentile by Number Answered

Percent of People with Each Score

Your Score History

You have not taken this quiz since the last reset